Every Governor of Georgia - Statistics

General Stats
  • This quiz has been taken 94 times
  • The average score is 23 of 88
Answer Stats
Picture Hint Answer % Correct
D(1971-1975) Jimmy Carter
93%
R(2019-) Brian Kemp
90%
R(2011-2019) Nathan Deal
72%
R(2003-2011) Sonny Perdue
66%
D(1991-2003) Zell Miller
66%
D(1967-1971) Lester Maddox
59%
D(1999-2003) Roy Barnes
52%
D(1931-1933) Richard Russell Jr.
48%
D(1941-1943) Eugene Talmadge
45%
D(1933-1937) Eugene Talmadge
45%
D(1948-1955) Herman Talmadge
45%
D(1853-1857) Herschel Johnson
41%
NP(1865-1865) James Johnson
41%
D(1911-1911) Hoke Smith
38%
D(1907-1909) Hoke Smith
38%
D(1872-1877) James Milton Smith
38%
D(1983-1991) Joe Frank Harris
38%
D(1857-1865) Joseph E. Brown
38%
D(1912-1913) Joseph Mackey Brown
38%
D(1909-1911) Joseph Mackey Brown
38%
D(1915-1917) Nathaniel Edwin Harris
38%
D(1963-1967) Carl Sanders
34%
D(1975-1983) George Busbee
34%
D(1943-1947) Ellis Arnall
31%
D(1886-1890) John B. Gordon
31%
D(1882-1883) Alexander H. Stephens
28%
DR(1798-1801) James Jackson
28%
D(1898-1902) Allen D. Candler
24%
NP(1777-1777) Button Gwinnett
24%
D(1937-1941) Eurith D. Rivers
24%
DR(1789-1789) George Walton
24%
NP(1779-1780) George Walton
24%
W(1843-1847) George W. Crawford
24%
D(1947-1948) Melvin E. Thompson
24%
D(1831-1835) Wilson Lumpkin
24%
D(1877-1882) Alfred H. Colquitt
21%
NP(1776-1777) Archibald Bulloch
21%
D(1923-1927) Clifford Walker
21%
D(1959-1963) Ernest Vandiver
21%
W(1837-1839) George Gilmer
21%
DR(1829-1831) George Gilmer
21%
DR(1823-1827) George Troup
21%
D(1851-1853) Howell Cobb
21%
NP(1777-1778) John A. Treutlen
21%
DR(1819-1823) John Clark
21%
DR(1827-1829) John Forsyth
21%
DR(1813-1815) Peter Early
21%
D(1835-1837) William Schley
21%
D(1894-1898) William Yates Atkinson
21%
DR(1815-1817) David Brydie Mitchell
17%
DR(1809-1813) David Brydie Mitchell
17%
DR(1789-1793) Edward Telfair
17%
NP(1786-1787) Edward Telfair
17%
D(1883-1886) Henry Dickerson McDaniel
17%
DR(1806-1809) Jared Irwin
17%
DR(1796-1798) Jared Irwin
17%
NP(1782-1783) John Martin
17%
DR(1802-1806) John Milledge
17%
D(1913-1915) John M. Slaton
17%
D(1912-1913) John M. Slaton
17%
D(1927-1931) Lamartine Griffin Hardman
17%
NP(1783-1784) Lyman Hall
17%
DR(1819-1819) Matthew Talbot
17%
R(1868-1871) Rufus Bullock
17%
NP(1780-1781) Stephen Heard
17%
D(1921-1923) Thomas W. Hardwick
17%
DR(1817-1819) William Rabun
17%
R(1871-1872) Benjamin F. Conley
14%
D(1839-1843) Charles James McDonald
14%
D(1865-1868) Charles J. Jenkins
14%
D(1917-1921) Hugh Dorsey
14%
D(1883-1883) James S. Boynton
14%
NP(1778-1778) John Houston
14%
D(1902-1907) Joseph M. Terrell
14%
DR(1801-1802) Josiah Tattnall
14%
D(1955-1959) Marvin Griffin
14%
NP(1785-1786) Samuel Elbert
14%
NP(1868-1868) Thomas H. Ruger
14%
NP(1788-1789) George Handley
10%
DR(1793-1796) George Mathews
10%
NP(1787-1788) George Mathews
10%
NP(1784-1785) John Houstoun
10%
NP(1779-1779) John Wereat
10%
NP(1781-1782) Nathan Brownson
10%
NP(1780-1780) Richard Howly
10%
D(1890-1894) William J. Northen
10%
DR(1801-1801) David Emanuel
7%
D(1847-1851) George W. Towns
7%
No matching quizzes found
Score Distribution
Percent of People with Each Score
Percentile by Number Answered
Your Score History
You have not taken this quiz